000 00626nam a22001937a 4500
005 20251108175054.0
008 250721s2012 xx 000 0 ara d
082 1 4 _a371.9/جوا
100 1 _aالقمش، مصطفى نوري
245 1 0 _aصعوبات التعلم " رؤية تطبيقية" /
264 1 _aعمان :
_bدار الثقافة للنشر و التوزيع،
_c2012.
300 _a390ص.
650 1 7 _aصعوبات التعلم
650 1 7 _aبطء التعلم
650 1 7 _aالاطفال المتخلفون
700 1 _aالجوالده، فؤاد عيد
942 _2ddc
_cBK
999 _c125480
_d125480